000 01075na a2200313 4500
999 _c12794
_d12794
001 24304
003 MIRAKIL
005 20190225120114.0
008 180911b tu 000 0
020 _a9786053328902
040 _aMilas
_btur
_cTR-AnCHP
041 _aeng
082 _a616.92
_bS33d 2017
090 _a616.92 S33d 2017
100 _aSherman, Irwın W.
245 _aDünyamızı değiştiren on iki hastalık
_cIrwın W. Sgerman ; çevirenler Emel Tümbay, Mine Anğ Küçüker
250 _a2. bs.
260 _aİstanbul
_bTürkiye İş Bankası Kültür Yayınları
_c2017
_fAyhan matbaası
300 _a300 s.
_c20 sm.
440 _aTürkiye İş Bankası Kültür Yayınları
_vgenel yayın :3670
504 _aKaynakça ve dizin var.
650 _aSağlık
_xhastalıklar
650 _abulaşıcı hastalıklar
_xTarih
700 _aKüçüker, Mine Anğ
_eçev.
700 _aTümbay, Emel
_eçev.
856 _zDijital Nüshası için Partimizin Kütüphane Sorumlusu ile iletişime geçiniz.
942 _2ddc
_cBKS
999 _d10806